| 000 | 01406nam0a2200325 4500 | ||
|---|---|---|---|
| 001 | RU\NLR\bibl\971530 | ||
| 005 | 20260406042923.0 | ||
| 010 |
_a5-87301-149-4 _97000 |
||
| 021 |
_aRU _b2006-39528 _91985 |
||
| 035 | _a(NLR Aleph) 000959486 | ||
| 090 |
_a330359 _c330359 |
||
| 100 | _a20060801d2006 |||y0rusy50 ca | ||
| 101 | 0 | _arus | |
| 102 | _aRU | ||
| 105 | _aa ||||||||| | ||
| 200 | 1 |
_aАвтобиографические записки _aБеседы с отцом Иоанном Кронштадтским _fИгум. Таисия (Солопова) |
|
| 210 |
_aМосква _cОтчий дом _d2006 |
||
| 215 |
_a271 с., [4] л. ил., цв. ил. _d21 |
||
| 225 | 1 | _aДуховный собеседник | |
| 600 | 0 |
_aТаисия _cСолопова, Мария Васильевна _f1840 - 1915 _jВоспоминания, записки и т.п. _92210090 _3RU\NLR\auth\661327662 |
|
| 600 | 0 |
_aИоанн Кронштадтский _cсвятой _f1829 - 1908 _92139506 _3RU\NLR\AUTH\661594182 |
|
| 686 | _aЭ372.24-35-028,13 | ||
| 700 | 0 |
_4220 _8rus _7ca _aТаисия _cСолопова, Мария Васильевна _cигумения _f1840-1915 _3RU\NLR\AUTH\773062 _9113068 |
|
| 801 | 0 |
_aRU _bNLR _c20060801 _grcr |
|
| 801 | 1 |
_aRU _bNLR _c20060801 |
|
| 942 | _cBOOK | ||
| 980 | _aNB | ||